000
00334nam a22001457a 4500
003
OSt
008
240409b |||||||| |||| 00| 0 eng d
020
_a
9780071839983
100
_a
SHALLENBERGER,Steven R
245
_a
Becoming your Best
250
_a
1st Ed
260
_a
Ne w Delhi
_b
TMH
_c
2015
300
_a
260
942
_2
ddc
_c
REF
999
_c
12422
_d
12422